राष्ट्रीय एकता में संगीत की भूमिका / (Record no. 119258)

MARC details
000 -LEADER
fixed length control field 01434nam a22002897a 4500
003 - CONTROL NUMBER IDENTIFIER
control field dpl
005 - DATE AND TIME OF LATEST TRANSACTION
control field 20190226132543.0
008 - FIXED-LENGTH DATA ELEMENTS--GENERAL INFORMATION
fixed length control field 190226b ||||| |||| 00| 0 eng d
010 ## - LIBRARY OF CONGRESS CONTROL NUMBER
LC control number B-072640
020 ## - INTERNATIONAL STANDARD BOOK NUMBER
Terms of availability 300.00
International Standard Book Number 8174530681
035 ## - SYSTEM CONTROL NUMBER
System control number B-072640, B-072644
037 ## - SOURCE OF ACQUISITION
Source of stock number/acquisition Cen Lib/Ret
040 ## - CATALOGING SOURCE
Original cataloging agency DPL
Language of cataloging HN
Transcribing agency 0
082 ## - DEWEY DECIMAL CLASSIFICATION NUMBER
Classification number 780
Item number भार्गव
100 ## - MAIN ENTRY--PERSONAL NAME
Personal name भार्गव, सत्या
9 (RLIN) 84049
245 ## - TITLE STATEMENT
Title राष्ट्रीय एकता में संगीत की भूमिका /
Statement of responsibility, etc सत्या भार्गव
246 ## - VARYING FORM OF TITLE
Title proper/short title Rashtrita ekta mei sangeet ki bhoomika /
Remainder of title by Satya Bhargav
260 ## - PUBLICATION, DISTRIBUTION, ETC. (IMPRINT)
Place of publication, distribution, etc नयी दिल्ली
Name of publisher, distributor, etc संजय प्रकाशन
270 ## - ADDRESS
City नयी दिल्ली
Address 4378/4 बी, जे एम.डी. हाउस, मुरारीलाल स्ट्रीट, अंसारी रोड, दरियागंज
Postal code 110002
300 ## - PHYSICAL DESCRIPTION
Extent xii,204पृ.
Dimensions 19सेमी(सजिल्द )
500 ## - GENERAL NOTE
General note सन्दर्भ सूची भी शामिल
650 ## - SUBJECT ADDED ENTRY--TOPICAL TERM
Topical term or geographic name as entry element संगीत - भारत - इतिहास और आलोचना
General subdivision
Geographic subdivision
9 (RLIN) 84050
650 ## - SUBJECT ADDED ENTRY--TOPICAL TERM
Topical term or geographic name as entry element संगीत में राष्ट्रवाद
9 (RLIN) 45207
650 ## - SUBJECT ADDED ENTRY--TOPICAL TERM
Topical term or geographic name as entry element Music -- India -- History and criticism
9 (RLIN) 84051
650 ## - SUBJECT ADDED ENTRY--TOPICAL TERM
Topical term or geographic name as entry element Nationalism in music
9 (RLIN) 84052
942 ## - ADDED ENTRY ELEMENTS (KOHA)
Source of classification or shelving scheme Dewey Decimal Classification
Koha item type Hindi Books
Classification part 780
Call number suffix भार्गव
Holdings
Withdrawn status Lost status Damaged status Not for loan Home library Current library Date acquired Source of acquisition Cost, normal purchase price Total Checkouts Full call number Barcode Date last seen Copy number Cost, replacement price Price effective from Koha item type Source of classification or shelving scheme Collection code
        Central Library Central Library 16/09/2015 Cen Lib/Ref 300.00   780 भार्गव B-072640 16/09/2015 1 300.00 16/09/2015 Hindi Books    
        Shahdara Branch Shahdara Branch 26/02/2019 BPPD/PUB 300.00   780 भार्गव B-072644 26/02/2019   300.00 26/02/2019 Hindi Books Dewey Decimal Classification Non-fiction

© Delhi Public Library
Hit Counter
free hit counter